Finančné deriváty a ich využitie pri riadení kurzových rizík

Riziká pri podnikaní na zahraničných trhoch. Kurzové riziká a možnosti ich eliminácie.

Uložené v:
Podrobná bibliografia
Hlavný autor: Bobáková, Viktória
Médium: Kapitola
Jazyk:Slovak
Predmet:
Tagy: Pridať tag
Žiadne tagy, Buďte prvý, kto otaguje tento záznam!

MARC

LEADER 00000naa$a2200000$$$4500
001 0086021
005 20221129113405.8
041 0 |a slo 
044 |a SK 
245 1 0 |a Finančné deriváty a ich využitie pri riadení kurzových rizík  |c Viktória Bobáková 
520 |a Riziká pri podnikaní na zahraničných trhoch. Kurzové riziká a možnosti ich eliminácie. 
610 2 0 |a riziko kurzové 
610 2 0 |a forwardy 
610 2 0 |a spot 
610 2 0 |a podnikatelia 
610 2 0 |a trh finančný 
100 1 |a Bobáková, Viktória